000 00358nam a2200145 a 4500
008
100 _aHammett Dashiel
245 4 _aThe maltese falcon the thin man red harvest
907 _a.b10174862
_b08-09-05
_c08-09-05
003
005 20230123134105.0
040 _cNUST
049 _aMAIN
942 _cBOOKS
999 _c159883
_d159883